000 00915nam a2200277 i 4500
003 DO-SdBNP
005 20230710142710.0
006 a||||br|||| 00| 0
007 ta
008 230703e2017 dr a|||| |||| 00| j spa d
040 _aDO-SdBNP
_bspa
_cBNPHU
_erda
082 1 _222
_bP349a
245 1 0 _aA comer con Mar. /
_cMarie Peña ; ilustraciones, Algenis Santana...[y otros]
264 1 _a[Santo Domingo]:
_bSTEAM,
_c2017.
300 _a31 páginas :
_bilustraciones ;
_c21 cm
336 _2rdaconten
_atexto
_btxt
337 _2rdamedia
_asin medición
_bn
338 _2rdacarrier
_avolumen
_bnc
590 _aInventariado 2023 / MF
700 1 _aSantana, Argenis,
_eilustrador
_983668
700 1 _aBeltré, Simón,
_eIlustrador
_983669
700 1 _aValerio, Edgar,
_eilustrador
_983670
700 1 _925470
_aLópez, Francisco
_eilustrador
700 1 _974324
_aNúñez, Gabriel
_eilustrador
942 _2ddc
_cLBS1
999 _c54052
_d54052